|
|
|
|
| LEADER |
00918nam a2200265:^ 4500 |
| 001 |
4038 |
| 003 |
BD-DhAAL |
| 008 |
150917s1982 enk 00 eng d |
| 020 |
|
|
|a 0631194290
|
| 020 |
|
|
|a 0862160537
|
| 020 |
|
|
|a 0862160545
|
| 040 |
|
|
|a GSU
|c GSU
|d m/c
|d EQA
|d BD-DhAA
|
| 082 |
|
|
|a 155.4
|
| 100 |
1 |
|
|a Sylva, Kathy.
|9 14730
|
| 245 |
0 |
0 |
|a Child development :
|b a first course /
|c Kathy Sylva and Ingrid Lunt.
|
| 260 |
|
|
|a London :
|a UK :
|b G. McIntyre,
|b Blackwell,
|c 1982.
|
| 300 |
|
|
|a x, 261 p. :
|b ill. ;
|c 24 cm.
|
| 500 |
|
|
|a Reprinted in 1987 by Basil Blackwell.
|
| 504 |
|
|
|a Includes bibliographical references and index.
|
| 541 |
|
|
|e 4038
|
| 650 |
|
0 |
|a Child psychology.
|9 6733
|
| 700 |
1 |
0 |
|a Lunt, Ingrid.
|9 14731
|
| 942 |
|
|
|2 ddc
|c BK
|
| 999 |
|
|
|c 35573
|d 35573
|
| 952 |
|
|
|0 0
|1 0
|2 ddc
|4 0
|6 155_400000000000000_SYL
|7 0
|9 55947
|a SCL
|b SCL
|c GEN
|d 2015-09-17
|g 1795.00
|l 0
|o 155.4 SYL
|p 3020004038
|r 2015-09-17
|t 1
|w 2015-09-17
|y BK
|